LEADER 03705nam 22006015 450 001 9910366620503321 005 20200703143247.0 010 $a981-10-7647-2 024 7 $a10.1007/978-981-10-7647-3 035 $a(CKB)4100000008701682 035 $a(MiAaPQ)EBC5825141 035 $a(DE-He213)978-981-10-7647-3 035 $a(PPN)238486605 035 $a(EXLCZ)994100000008701682 100 $a20190712d2020 u| 0 101 0 $aeng 135 $aurcnu|||||||| 181 $ctxt$2rdacontent 182 $cc$2rdamedia 183 $acr$2rdacarrier 200 10$aAdvanced Metric Wave Radar$b[electronic resource] /$fby Jianqi Wu 205 $a1st ed. 2020. 210 1$aSingapore :$cSpringer Singapore :$cImprint: Springer,$d2020. 215 $a1 online resource (392 pages) 311 $a981-10-7646-4 327 $aIntroduction -- Target Characteristics in Metric Wave Band -- System Design of Advanced Metric Wave Radar -- Height Finding Technology of Metric Wave Radar -- Metric Wave Radar Anti-Jamming Technology -- Antenna Technology for Metric Wave Band -- Transmit/Receive Technology for Metric Wave Band -- Target Classification and Recognition Technologies of Advanced Metric Wave Radar -- Cooperative Detection Technology for Metric Wave Radar -- Structural Design of Large Metric Wave Radar -- System Test and Verification. 330 $aThis book systematically describes advanced metric wave radar and its practical applications, offering a comprehensive introduction to the engineering design methods from the perspectives of system design, antenna/feed and transmit/receive subsystems, as well as mechanical structure design. Focusing on the height-finding method, it describes in detail how the super-resolution technique can be used to solve the problem of low-angle height finding in metric wave radar. It also discusses the anti-jamming method for the unique jamming environment. Further, it presents narrowband target recognition methods to overcome the limitations of narrow absolute bandwidth in metric wave radar and to further explore the technique?s potential. Cooperative detection for metric wave radar netting is also addressed, and the main experimental results are included. The book offers a valuable resource for professional engineers, researchers and teachers, as well as graduate students engaged in radar system engineering, electronic engineering, and signal processing. 606 $aMicrowaves 606 $aOptical engineering 606 $aElectronics 606 $aMicroelectronics 606 $aSignal processing 606 $aImage processing 606 $aSpeech processing systems 606 $aMicrowaves, RF and Optical Engineering$3https://scigraph.springernature.com/ontologies/product-market-codes/T24019 606 $aElectronics and Microelectronics, Instrumentation$3https://scigraph.springernature.com/ontologies/product-market-codes/T24027 606 $aSignal, Image and Speech Processing$3https://scigraph.springernature.com/ontologies/product-market-codes/T24051 615 0$aMicrowaves. 615 0$aOptical engineering. 615 0$aElectronics. 615 0$aMicroelectronics. 615 0$aSignal processing. 615 0$aImage processing. 615 0$aSpeech processing systems. 615 14$aMicrowaves, RF and Optical Engineering. 615 24$aElectronics and Microelectronics, Instrumentation. 615 24$aSignal, Image and Speech Processing. 676 $a621.3848 700 $aWu$b Jianqi$4aut$4http://id.loc.gov/vocabulary/relators/aut$01063077 906 $aBOOK 912 $a9910366620503321 996 $aAdvanced Metric Wave Radar$92529940 997 $aUNINA LEADER 01983nam 2200589 a 450 001 9910786174503321 005 20230925213710.0 010 $a1-383-00239-8 010 $a0-19-150128-X 010 $a1-283-91913-3 010 $a0-19-150024-0 035 $a(CKB)2670000000319470 035 $a(SSID)ssj0000804489 035 $a(PQKBManifestationID)12380804 035 $a(PQKBTitleCode)TC0000804489 035 $a(PQKBWorkID)10814397 035 $a(PQKB)10428328 035 $a(Au-PeEL)EBL1078326 035 $a(CaPaEBR)ebr10640403 035 $a(CaONFJC)MIL423163 035 $a(OCoLC)922904375 035 $a(MiAaPQ)EBC1078326 035 $a(EXLCZ)992670000000319470 100 $a20710423e19712004 uy 0 101 0 $aeng 135 $aurcn||||||||| 181 $ctxt$2rdacontent 182 $cc$2rdamedia 183 $acr$2rdacarrier 200 10$aAnglo-Saxon England /$fF. M. Stenton 205 $a3rd ed. 210 $aOxford $cClarendon Press$d1971 215 $a1 online resource (xli, 765 pages) $cmaps (1) 225 1 $aThe Oxford history of England ;$v2 300 $aReprinted 2004. 311 0 $a0-19-280139-2 311 0 $a0-19-821716-1 320 $aIncludes bibliographical references (p. [688]-730) and index. 330 $aThis classic history covers the period c. 550-1087 and traces the development of English society from the oldest Anglo-Saxon laws, the growth of royal power, and the extension of private lordship to the establishment of feudalism after the Norman Conquest. 410 0$aOxford history of England ;$v2. 606 $aAnglo-Saxons 607 $aGreat Britain$xHistory$yAnglo-Saxon period, 449-1066 615 0$aAnglo-Saxons. 676 $a942.01 700 $aStenton$b F. M$g(Frank Merry),$f1880-1967.$0213250 801 0$bMiAaPQ 801 1$bMiAaPQ 801 2$bMiAaPQ 906 $aBOOK 912 $a9910786174503321 996 $aAnglo-Saxon England$977437 997 $aUNINA